Tecnología de la refrigeración y aire acondicionado : fundamentos /
Contenido: Teoría del calor (Teorías; Materia y energía; Refrigeración y refrigerantes); Seguridad, herramientas, equipos y mantenimiento; Reguladores automáticos básicos; Motores eléctricos.
שמור ב:
| מחבר ראשי: | |
|---|---|
| מחברים אחרים: | |
| פורמט: | ספר |
| שפה: | ספרדית |
| יצא לאור: |
Madrid, España :
Paraninfo : Thomson,
2000, c2000
|
| נושאים: | |
| תגים: |
אין תגיות, היה/י הראשונ/ה לתייג את הרשומה!
|
MARC
| LEADER | 00000nam^a2200000^a^4500 | ||
|---|---|---|---|
| 001 | 000146411 | ||
| 005 | 20250521000000.0 | ||
| 009 | 20260310095911.526 | ||
| 020 | |a 84-283-2657-6 | ||
| 037 | |a Acervo ITESO - Biblioteca | ||
| 041 | |a ESP | ||
| 082 | |a 621. 56 |b WHI V. 1 | ||
| 100 | |a Whitman, William C. |e (autor) | ||
| 240 | 1 | 1 | |a [Tecnología de la refrigeración y aire acondicionado] |
| 245 | 1 | 0 | |a Tecnología de la refrigeración y aire acondicionado : |b fundamentos / |c W.C. Withman, W.M. Johnson. |
| 264 | 4 | |a Madrid, España : |b Paraninfo : |b Thomson, |c 2000, c2000 | |
| 300 | |a XII, 354 p. | ||
| 336 | |a texto |b txt |2 rdacontenido | ||
| 337 | |a sin mediación |b n |2 rdamedio | ||
| 338 | |a volumen |b nc |2 rdasoporte | ||
| 500 | |a Traducción de : Refrigeration and Air Conditioning Technology | ||
| 520 | |a Contenido: Teoría del calor (Teorías; Materia y energía; Refrigeración y refrigerantes); Seguridad, herramientas, equipos y mantenimiento; Reguladores automáticos básicos; Motores eléctricos. | ||
| 649 | |a XX | ||
| 650 | |a Refrigeración - |x Equipo y Aparatos | ||
| 650 | |a Calor | ||
| 650 | |a Temperatura | ||
| 650 | |a Refrigerantes | ||
| 650 | |a Tuberías | ||
| 650 | |a Reguladores (Maquinaria) | ||
| 650 | |a Control Mecánico | ||
| 650 | |a Motores Eléctricos | ||
| 650 | |a Seguridad Industrial | ||
| 650 | |a Tecnología | ||
| 650 | |a Termodinámica | ||
| 650 | |a Ingeniería Mecánica | ||
| 650 | |a Ingeniería Térmica | ||
| 700 | |a Johnson, William M. |e (autor) | ||
| 910 | |a Fondo General | ||
| 920 | |a Impresos - Libros | ||
| 930 | |a Colección General | ||
| 905 | |a 101 | ||
| 901 | |a 0500075825 |b IT1 |c ACC |u 20250521 | ||
| 902 | |a https://opac.biblio.iteso.mx/vufind/Record/000146411 | ||